[Event "Match"]
[Site "www.echecsemail.com"]
[Date "2017.02.24"]
[Round "1"]
[White "Midknightblu"]
[Black "Cal"]
[WhiteElo "1499"]
[BlackElo "1640"]
[Result "1-0"]
[Round "1"]
1.e4 e5
2.Ng1f3 d6
3.Nb1c3 a6
4.Bf1c4 h6
5.d3 Ng8f6
6.O-O Bc8g4
7.h3 Bg4h5
8.Qd1d2 Bf8e7
9.Nc3d5 Nf6xd5
10.Bc4xd5 O-O
11.Bd5xb7 Ra8a7
12.Bb7d5 c6
13.Bd5b3 Bh5xf3
14.gxf3 d5
15.exd5 cxd5
16.Rf1e1 Nb8c6
17.f4 Be7c5
18.c4 Nc6d4
19.Re1e3 Qd8h4
20.fxe5 a5
21.cxd5 Nd4f3
22.Re3xf3 Bc5d4
23.Qd2f4 Qh4h5
24.Qf4xd4 Qh5xf3
25.Qd4xa7 Qf3xh3
26.Qa7e3 Qh3g4
27.Qe3g3 Qg4h5
28.Bc1e3 Kh8
29.d4 f5
30.exf6 Rf8xf6
31.Ra1c1 Rf6g6
32.Rc1c8 Kh7
33.Bb3c2 a4
34.Bc2xg6 Qh5xg6
35.Qg3xg6 Kxg6
36.d6 { resign }
1-0

[Event "Tourn. n9193"]
[Site "www.chess-mail.com"]
[Date "2017.02.25"]
[Round "1"]
[White "Faerieking"]
[Black "Norlavuaram"]
[WhiteElo "2180"]
[BlackElo "2080"]
[Result "1-0"]
[Round "1"]
1.e4 e5
2.Ng1f3 Nb8c6
3.Bf1b5 a6
4.Bb5a4 Ng8f6
5.O-O Bf8e7
6.Rf1e1 b5
7.Ba4b3 O-O
8.c3 d6
9.h3 Nc6b8
10.d4 Nb8d7
11.d5 Rf8e8
12.Nb1d2 Be7f8
13.a4 Ra8b8
14.Nd2f1 g6
15.axb5 axb5
16.Nf1g3 Bf8g7
17.Bc1d2 h6
18.Qd1e2 Nd7c5
19.Bb3c2 Bc8d7
20.b4 Nc5b7
21.Ra1a6 Rb8a8
22.Re1a1 Ra8xa6
23.Ra1xa6 Qd8c8
24.Bc2d3 Nb7c5
25.bxc5 Qc8xa6
26.c6 Bd7c8
27.Bd3xb5 Qa6a8
28.Nf3e1 Re8f8
29.Ne1c2 Kh7
30.f3 Nf6g8
31.Nc2e3 Qa8a1
32.Kh2 f5
33.exf5 gxf5
34.Ng3xf5 Kh8
35.Bb5d3 Qa1a2
36.Nf5xg7 Kxg7
37.c4 Rf8f4
38.Ne3g4 Bc8xg4
39.hxg4 Rf4f6
40.Kg3 Qa2a8
41.Qe2e4 Qa8d8
42.c5 Qd8e7
43.cxd6 cxd6
44.Qe4h7 Kf8
45.Qh7xe7 Ng8xe7
46.Bd3e4 Kg7
47.Bd2a5 Ne7c8
48.c7 Rf6f8
49.Be4f5 Nc8e7
50.Bf5e6 Rf8a8
51.Ba5b4 Ne7c8
52.Be6xc8 Ra8xc8
53.Bb4xd6 Kf6
54.Kh4 e4
55.fxe4 Kf7
56.e5 Ke8
57.e6 Rc8a8
58.Bd6c5 { resign }
1-0

[Event "Tourn. n9217"]
[Site "www.chess-mail.com"]
[Date "2017.02.25"]
[Round "1"]
[White "Cal"]
[Black "Hansen"]
[WhiteElo "1640"]
[BlackElo "1620"]
[Result "1-0"]
[Round "1"]
1.c4 d5
2.cxd5 Qd8xd5
3.Nb1c3 Qd5d4
4.Ng1f3 Qd4d6
5.a3 Bc8g4
6.d4 h6
7.Nf3e5 f6
8.Ne5xg4 f5
9.Ng4e5 Ng8f6
10.e3 g5
11.Bf1b5 c6
12.Bb5a4 b5
13.Ba4b3 g4
14.O-O g3
15.fxg3 h5
16.Bb3f7 Kd8
17.Rf1xf5 h4
18.gxh4 Rh8xh4
19.Qd1f3 e6
20.Rf5xf6 Nb8d7
21.Ne5xc6 Kc8
22.Rf6g6 e5
23.Rg6xd6 Bf8xd6
24.Nc6a5 e4
25.Nc3xe4 Bd6e7
26.Ne4d6 Be7xd6
27.Qf3c6 Bd6c7
28.Qc6xa8 Nd7b8
29.Bf7e6 Kd8
30.Qa8d5 Ke7
31.Qd5g5 { resign }
1-0

[Event "Tourn. n9183"]
[Site "www.chess-mail.com"]
[Date "2017.02.25"]
[Round "1"]
[White "Cal"]
[Black "Azulmarino"]
[WhiteElo "1580"]
[BlackElo "1480"]
[Result "1-0"]
[Round "1"]
1.c4 d5
2.c5 c6
3.h3 e6
4.d4 Ng8f6
5.Ng1f3 h6
6.Nb1c3 Nb8d7
7.e3 g5
8.Bf1d3 Bf8g7
9.O-O Qd8c7
10.b4 g4
11.Nf3e5 Nd7xe5
12.dxe5 Qc7xe5
13.h4 g3
14.f4 Qe5xc3
15.Ra1b1 Nf6g4
16.Rf1f3 Qc3f6
17.Rf3xg3 h5
18.Bc1b2 Qf6xh4
19.Rg3h3 Ng4xe3
20.Rh3xe3 Bg7xb2
21.Rb1xb2 Qh4xf4
22.Re3f3 Qf4d4
23.Rf3f2 h4
24.Qd1f3 Qd4g7
25.Rb2d2 O-O
26.Qf3h5 e5
27.Qh5xh4 Rf8e8
28.Rf2f3 Bc8g4
29.Rf3g3 Qg7f6
30.Qh4xf6 Re8e6
31.Qf6g5 Kf8
32.Rd2f2 Ke8
33.Qg5g8 { resign }
1-0

[Event "Tourn. n9181"]
[Site "www.chess-mail.com"]
[Date "2017.02.25"]
[Round "1"]
[White "Picifarkinca"]
[Black "Llcervello"]
[WhiteElo "1730"]
[BlackElo "1600"]
[Result "1-0"]
[Round "1"]
1.d4 d5
2.c4 c6
3.Nb1c3 Ng8f6
4.e3 g6
5.Ng1f3 Nb8d7
6.cxd5 Qd8a5
7.dxc6 bxc6
8.Bf1d3 Nd7b6
9.O-O Bc8g4
10.h3 Bg4xf3
11.Qd1xf3 Ra8c8
12.Bc1d2 c5
13.Nc3e4 Qa5a4
14.Ne4xf6 exf6
15.Qf3xf6 Rh8g8
16.dxc5 Rc8xc5
17.Rf1c1 Rc5xc1
18.Ra1xc1 Bf8e7
19.Qf6e5 Qa4xa2
20.Bd3b5 Kf8
21.Qe5b8 Kg7
22.Bd2c3 f6
23.Qb8c7 Kf7
24.Bc3b4 Qa2e6
25.Bb4xe7 Qe6xe7
26.Qc7xe7 Kxe7
27.Rc1c7 Kf8
28.Rc7xa7 Rg8g7
29.Ra7xg7 Kxg7
30.Kf1 h5
31.Ke2 Nb6d5
32.Bb5c6 Nd5e7
33.Bc6b7 g5
34.Kd3 h4
35.Kd4 Ne7f5
36.Kd5 Nf5e7
37.Ke6 Ne7g6
38.Bb7d5 Ng6f8
39.Kd6 f5
40.b4 Nf8g6
41.b5 f4
42.e4 Kf8
43.b6 f3
44.gxf3 Ng6f4
45.Bd5e6 Nf4d3
46.b7 Nd3xf2
47.b8Q Kg7
48.Qb8b2 { resign }
1-0

[Event "Tourn. n9223"]
[Site "www.chess-mail.com"]
[Date "2017.02.25"]
[Round "1"]
[White "Azulmarino"]
[Black "Lightning"]
[WhiteElo "1470"]
[BlackElo "1499"]
[Result "0-1"]
[Round "1"]
1.e4 c5
2.c4 Nb8c6
3.Ng1f3 e6
4.a3 Ng8f6
5.Nb1c3 d5
6.e5 Nf6g4
7.Qd1e2 dxc4
8.Qe2xc4 Ng4xe5
9.Qc4f4 Ne5xf3
10.Qf4xf3 Nc6d4
11.Qf3d1 Bf8d6
12.d3 O-O
13.Bc1e3 Qd8b6
14.Be3xd4 cxd4
15.Nc3a4 Qb6a5
16.b4 Qa5e5
17.Bf1e2 Bc8d7
18.Na4b2 b5
19.Ra1c1 Rf8c8
20.g3 Bd7c6
21.Rh1g1 Bc6d5
22.Rc1xc8 Ra8xc8
23.h3 Bd5f3
24.g4 Rc8c1
25.Kd2 Rc1xd1
26.Rg1xd1 Qe5xe2
27.Kc1 Bd6f4
28.Kb1 Qe2xf2
29.Rd1c1 Bf4xc1
30.Kxc1 Qf2e1
31.Kc2 Qe1c3
32.Kb1 Qc3xa3
33.Kc1 Qa3xb4
34.g5 a5
35.Nb2d1 Bf3xd1
36.Kxd1 Qb4b2
37.Ke1 a4
{ resign }
0-1

[Event "Tourn. n9236"]
[Site "www.chess-mail.com"]
[Date "2017.02.25"]
[Round "1"]
[White "Panham"]
[Black "Orhany24"]
[WhiteElo "2130"]
[BlackElo "2220"]
[Result "1-0"]
[Round "1"]
1.e4 e5
2.Ng1f3 Nb8c6
3.d4 exd4
4.Nf3xd4 d5
5.Bf1b5 Bc8d7
6.exd5 Nc6xd4
7.Bb5xd7 Qd8xd7
8.Qd1xd4 Ng8f6
9.c4 Bf8d6
10.O-O O-O
11.Rf1e1 c5
12.Qd4d3 Ra8e8
13.Re1xe8 Rf8xe8
14.Bc1e3 Nf6g4
15.h3 Ng4xe3
16.fxe3 Re8e5
17.Nb1d2 Qd7e7
18.e4 g6
19.Ra1e1 f5
20.Qd3f3 fxe4
21.Re1xe4 Re5xe4
22.Nd2xe4 Qe7e5
23.Ne4xd6 Qe5xd6
24.Qf3e3 Kf7
25.Kf2 a6
26.Kf3 b5
27.b3 h5
28.Qe3f4 Ke7
29.Qf4xd6 Kxd6
30.Kf4 { resign }
1-0

[Event "Match"]
[Site "www.echecsemail.com"]
[Date "2017.02.25"]
[Round "1"]
[White "Sonfamen"]
[Black "Biggles"]
[WhiteElo "1809"]
[BlackElo "2150"]
[Result "0-1"]
[Round "1"]
1.e4 e5
2.Ng1f3 Nb8c6
3.Bf1c4 Ng8f6
4.Nf3g5 d5
5.exd5 b5
6.Bc4xb5 Qd8xd5
7.Bb5xc6 Qd5xc6
8.O-O Bc8b7
9.Ng5f3 Bf8d6
10.d3 O-O-O
11.Nb1c3 e4
12.Nf3h4 h6
13.Nh4f5 exd3
14.f3 Kb8
15.cxd3 Rh8e8
16.Nf5xg7 Re8g8
17.Bc1xh6 Nf6g4
18.Ng7f5 Ng4xh6
19.Nf5xh6 Bd6c5
20.Kh1 Qc6xh6
21.Nc3e4 Rg8h8
22.h3 Bc5b6
23.Qd1b3 Rd8g8
24.Qb3c2 Bb7c8
25.Ne4f2 Qh6d6
26.a4 Qd6g3
27.Nf2e4 Qg3f4
28.Qc2b3 Bc8xh3
{ resign }
0-1

[Event "Match"]
[Site "www.echecsemail.com"]
[Date "2017.02.25"]
[Round "1"]
[White "Genius9"]
[Black "Stevep84"]
[WhiteElo "1610"]
[BlackElo "2250"]
[Result "1-0"]
[Round "1"]
1.c4 e5
2.Nb1c3 Bf8b4
3.d3 Bb4xc3
4.bxc3 d6
5.g3 Ng8f6
6.Bf1g2 Nb8d7
7.Ng1f3 O-O
8.O-O Nd7b6
9.Bc1a3 Ra8b8
10.c5 Nb6d5
11.Qd1c2 Bc8e6
12.Nf3g5 h6
13.Ng5xe6 fxe6
14.cxd6 cxd6
15.c4 Rb8c8
16.Qc2b3 Nd5b6
17.Bg2xb7 Rc8b8
18.Bb7g2 Nb6c8
19.Qb3xb8 { resign }
1-0

[Event "Match"]
[Site "www.echecsemail.com"]
[Date "2017.02.25"]
[Round "1"]
[White "Pariolinius"]
[Black "Pdebonis"]
[WhiteElo "2040"]
[BlackElo "2390"]
[Result "0-1"]
[Round "1"]
1.Ng1f3 Ng8f6
2.g3 d5
3.d4 c5
4.c3 e6
5.Bc1g5 Bf8e7
6.Bf1g2 O-O
7.O-O Nb8d7
8.h3 b6
9.Nb1d2 h6
10.Bg5e3 Bc8a6
11.Rf1e1 Ba6b7
12.Qd1c2 cxd4
13.Nf3xd4 Ra8c8
14.Ra1c1 a6
15.Qc2b1 b5
16.b4 Nd7b6
17.Nd2b3 Nb6c4
18.Be3f4 e5
19.Bf4xe5 Nc4xe5
20.Qb1f5 Ne5c4
21.Nb3c5 Be7xc5
22.bxc5 Rc8xc5
23.Nd4b3 Rc5c8
24.Nb3d4 Nc4d6
25.Qf5d3 Nf6e4
26.Bg2f3 Qd8a5
27.Rc1c2 Rc8xc3
28.Rc2xc3 Ne4xc3
29.Nd4b3 Qa5b4
30.Re1c1 Nc3xa2
31.Rc1c2 Qb4e1
32.Kg2 Na2b4
{ resign }
0-1

[Event "Match"]
[Site "www.echecsemail.com"]
[Date "2017.02.25"]
[Round "1"]
[White "Paco"]
[Black "Sonny1000"]
[WhiteElo "1850"]
[BlackElo "1290"]
[Result "1-0"]
[Round "1"]
1.e4 Nb8c6
2.d4 d5
3.e5 e6
4.Ng1f3 Nc6b4
5.c3 Nb4xa2
6.Qd1a4 Qd8d7
7.Qa4xa2 Ng8e7
8.Bf1d3 Qd7a4
9.Qa2xa4 Bc8d7
10.Qa4b3 Ne7c6
11.Qb3xb7 Ra8b8
12.Qb7xc7 Rb8c8
13.Qc7b7 h5
14.Nb1a3 a6
15.Bd3xa6 h4
16.Ba6b5 Kd8
17.Bb5xc6 Bd7xc6
18.Qb7b6 Kd7
19.Na3b5 Bc6xb5
20.Qb6xb5 Kd8
21.Bc1g5 Kc7
22.Ra1a7 { resign }
1-0

[Event "Match"]
[Site "www.echecsemail.com"]
[Date "2017.02.25"]
[Round "1"]
[White "Forest"]
[Black "Canario"]
[WhiteElo "1760"]
[BlackElo "1820"]
[Result "0-1"]
[Round "1"]
1.e4 e5
2.Ng1f3 Nb8c6
3.Bf1b5 d6
4.d4 exd4
5.Nf3xd4 Bc8d7
6.Bb5xc6 Bd7xc6
7.Nb1c3 Ng8f6
8.Nd4xc6 bxc6
9.O-O Bf8e7
10.Rf1e1 O-O
11.b3 d5
12.e5 Nf6e4
13.Nc3xe4 dxe4
14.Bc1b2 Qd8xd1
15.Ra1xd1 Be7c5
16.Re1xe4 Rf8e8
17.a3 f5
18.Re4e2 Re8e6
19.b4 Bc5e7
20.f4 Ra8b8
21.Bb2c3 c5
22.Rd1b1 a5
23.b5 a4
24.Rb1d1 Rb8xb5
25.Rd1d7 c6
26.Rd7a7 c4
27.g3 Be7c5
28.Kg2 Bc5xa7
{ resign }
0-1

[Event "Match"]
[Site "www.echecsemail.com"]
[Date "2017.02.25"]
[Round "1"]
[White "Gimmyg"]
[Black "Yaw1"]
[WhiteElo "2530"]
[BlackElo "1809"]
[Result "1-0"]
[Round "1"]
1.b3 b6
2.Ng1f3 d6
3.e3 Bc8b7
4.Bc1b2 e6
5.c4 Nb8d7
6.Bf1e2 Nd7c5
7.O-O Qd8d7
8.Qd1c2 Qd7c6
9.d4 Nc5e4
10.d5 exd5
11.Nf3d4 Qc6d7
12.cxd5 Bb7xd5
13.Be2b5 c6
14.Nd4xc6 Ra8c8
15.Rf1c1 Ng8f6
16.Nc6xa7 Rc8xc2
17.Bb5xd7 Kxd7
18.Rc1xc2 Bf8e7
19.f3 Ne4g5
20.Nb1d2 Nf6h5
21.e4 Bd5b7
22.Ra1c1 Ke6
23.Rc2c7 Bb7a6
24.h4  { time }
1-0

[Event "Match"]
[Site "www.echecsemail.com"]
[Date "2017.02.25"]
[Round "1"]
[White "Sorento"]
[Black "Luke1302"]
[WhiteElo "1499"]
[BlackElo "1449"]
[Result "1-0"]
[Round "1"]
1.d4 d5
2.Ng1f3 b6
3.c4 Bc8b7
4.Nb1c3 Qd8d7
5.Bc1f4 Nb8c6
6.cxd5 Nc6a5
7.e4 g6
8.b4 e6
9.bxa5 Bf8e7
10.Nf3e5 Qd7d8
11.Bf1b5 c6
12.dxc6 Be7b4
13.c7 Kf8
14.cxd8Q Ra8xd8
15.Ra1c1 Bb4xc3
16.Rc1xc3 Ng8f6
17.f3 Nf6g8
18.Rc3c7 h5
19.Rc7xf7 
1-0

[Event "Match"]
[Site "www.echecsemail.com"]
[Date "2017.02.25"]
[Round "1"]
[White "Balbyns"]
[Black "Sozaro"]
[WhiteElo "1810"]
[BlackElo "1699"]
[Result "0-1"]
[Round "1"]
1.c4 e5
2.Nb1c3 Ng8f6
3.g3 Bf8c5
4.e3 d5
5.cxd5 Nf6xd5
6.Bf1g2 Nd5b4
7.Qd1e2 Nb4c2
{ resign }
0-1

[Event "Match"]
[Site "www.echecsemail.com"]
[Date "2017.02.25"]
[Round "1"]
[White "Coraza"]
[Black "Fangshuo"]
[WhiteElo "1770"]
[BlackElo "2020"]
[Result "0-1"]
[Round "1"]
1.e4 c5
2.Bf1c4 e6
3.Ng1f3 d5
4.exd5 exd5
5.Qd1e2 Bf8e7
6.Bc4b5 Bc8d7
7.Qe2e5 f6
8.Bb5xd7 Qd8xd7
9.Qe5e2 Nb8c6
10.O-O O-O-O
11.c3 Be7d6
12.Rf1e1 Ng8e7
13.d4 Ne7f5
14.Nb1a3 Rh8e8
15.Qe2d1 cxd4
16.g4 Re8xe1
17.Nf3xe1 Nf5h4
18.Ne1g2 Nh4xg2
19.Kxg2 Bd6xa3
20.bxa3 dxc3
21.h3 d4
22.Bc1f4 d3
23.a4 Nc6b4
24.a3 Nb4c2
25.Ra1b1 Qd7xa4
26.Qd1f3 Qa4c6
27.Qf3xc6 bxc6
28.Rb1b8 Kd7
29.Rb8b7 Ke8
30.Rb7b3 d2
31.Bf4xd2 cxd2
{ resign }
0-1

[Event "1/16 Finale"]
[Site "www.chess-mail.com"]
[Date "2017.02.25"]
[Round "1"]
[White "Yomismista"]
[Black "Genius7"]
[WhiteElo "2500"]
[BlackElo "1890"]
[Result "1-0"]
[Round "1"]
1.d4 Ng8f6
2.c4 e6
3.Nb1c3 Bf8b4
4.Qd1c2 c5
5.dxc5 Qd8a5
6.Bc1d2 O-O
7.a3 Nb8a6
8.Ra1d1 Bb4xc3
9.Bd2xc3 Qa5xc5
10.e3 Rf8e8
11.Bc3xf6 gxf6
12.Ng1f3 f5
13.Rh1g1 b6
14.b4 Qc5e7
15.g4 Kh8
16.gxf5 Bc8b7
17.Rd1xd7 Qe7xd7
18.Qc2b2 { resign }
1-0

[Event "Eq:Tigers of Istanbul-Equipo Juan Diaz : "]
[Site "www.chess-mail.com"]
[Date "2017.02.25"]
[Round "1"]
[White "Naujzaid"]
[Black "Geretree"]
[WhiteElo "2090"]
[BlackElo "1860"]
[Result "1-0"]
[Round "1"]
1.d4 d5
2.c4 dxc4
3.Ng1f3 Bc8f5
4.e3 Ng8f6
5.Bf1xc4 e6
6.O-O a6
7.a4 Nb8c6
8.Nb1c3 Bf8b4
9.Qd1e2 Bb4xc3
10.bxc3 Nf6e4
11.Bc1a3 Ne4xc3
12.Qe2b2 Nc3e4
13.Qb2xb7 Nc6a5
14.Qb7b4 Na5xc4
15.Qb4xc4 Bf5g4
16.Qc4c6 { resign }
1-0

[Event "Tourn. n9227"]
[Site "www.chess-mail.com"]
[Date "2017.02.26"]
[Round "1"]
[White "Yaw1"]
[Black "Al3x"]
[WhiteElo "2149"]
[BlackElo "2130"]
[Result "0-1"]
[Round "1"]
1.Ng1f3 c5
2.Nb1c3 d5
3.e3 Ng8f6
4.Bf1b5 Bc8d7
5.Nf3e5 a6
6.Bb5xd7 Nb8xd7
7.Ne5xd7 Qd8xd7
8.O-O e6
9.b3 Bf8d6
 { time }
0-1

[Event "Tourn. n9252"]
[Site "www.chess-mail.com"]
[Date "2017.02.26"]
[Round "1"]
[White "Rons"]
[Black "Nimzo"]
[WhiteElo "2530"]
[BlackElo "2690"]
[Result "1/2-1/2"]
[Round "1"]
1.e4 e5
2.Ng1f3 Nb8c6
3.Bf1b5 a6
4.Bb5a4 Ng8f6
5.O-O Bf8e7
6.Rf1e1 b5
7.Ba4b3 O-O
8.c3 d5
9.exd5 Nf6xd5
10.Nf3xe5 Nc6xe5
11.Re1xe5 c6
12.d4 Be7d6
13.Re5e1 Qd8h4
14.g3 Qh4h3
15.Bc1e3 Bc8g4
16.Qd1d3 Ra8e8
17.Nb1d2 Qh3h5
18.Bb3c2 f5
19.f3 Bg4h3
20.Be3f2 Nd5f4
21.gxf4 Bd6xf4
22.Bf2g3 Qh5g5
23.Nd2f1 h5
24.Kf2 h4
25.Re1xe8 Rf8xe8
26.Ra1e1 Bf4xg3
27.Nf1xg3 hxg3
28.hxg3 Re8xe1
29.Kxe1 Qg5xg3
30.Kd2 Kf7
31.Qd3e3 Kf6
{ draw }
1/2-1/2

[Event "Tourn. n9152"]
[Site "www.chess-mail.com"]
[Date "2017.02.26"]
[Round "1"]
[White "Pariolinius"]
[Black "Genius3"]
[WhiteElo "1910"]
[BlackElo "1850"]
[Result "1-0"]
[Round "1"]
1.d4 d5
2.c4 e6
3.Nb1c3 Ng8f6
4.Bc1g5 Bf8e7
5.Ng1f3 O-O
6.e3 c6
7.Bf1d3 dxc4
8.Bd3xc4 Nb8d7
9.O-O Nd7b6
10.Bc4b3 Nb6d5
11.Qd1e2 Nd5xc3
12.bxc3 b6
13.Rf1e1 Bc8b7
14.e4 h6
15.Bg5h4 Qd8c7
16.Bh4g3 Qc7d8
17.Ra1d1 Qd8c8
18.h3 Rf8d8
19.e5 Nf6d5
20.Rd1c1 c5
21.Nf3d2 Qc8d7
22.Nd2c4 Nd5c7
23.Nc4d6 Be7xd6
24.exd6 Nc7d5
25.a3 cxd4
26.cxd4 Ra8c8
27.Bb3xd5 Bb7xd5
28.Rc1c7 Rc8xc7
29.dxc7 Rd8c8
30.Re1c1 Bd5b7
31.Qe2g4 Qd7d5
{ time. }
1-0

[Event "Tourn. n9213"]
[Site "www.chess-mail.com"]
[Date "2017.02.26"]
[Round "1"]
[White "Genius3"]
[Black "Paulsyd"]
[WhiteElo "1950"]
[BlackElo "1839"]
[Result "0-1"]
[Round "1"]
1.e4 c5
2.Nb1c3 e6
3.Ng1f3 Nb8c6
4.d4 cxd4
5.Nf3xd4 Qd8b6
6.Nd4b3 Ng8f6
7.Bc1e3 Qb6c7
8.a3 Bf8e7
9.Bf1e2 a6
10.O-O O-O
11.h3 d5
12.exd5 Rf8d8
13.Qd1c1 Nf6xd5
14.Nc3xd5 exd5
15.c3 Bc8f5
16.Be2f3 Bf5e4
17.Bf3xe4 { time. }
0-1

[Event "Tourn. n9172"]
[Site "www.chess-mail.com"]
[Date "2017.02.26"]
[Round "1"]
[White "Milkyway"]
[Black "Zeksky"]
[WhiteElo "1920"]
[BlackElo "1910"]
[Result "0-1"]
[Round "1"]
1.e4 e5
2.Ng1f3 Nb8c6
3.Bf1b5 Bf8c5
4.c3 a6
5.Bb5a4 Ng8f6
6.d3 d6
7.O-O O-O
8.h3 h6
9.Ba4xc6 bxc6
10.d4 exd4
11.cxd4 Bc5a7
12.Nb1c3 Rf8e8
13.Rf1e1 Bc8b7
14.Qd1c2 c5
15.d5 Nf6h5
16.Bc1e3 Qd8f6
17.Ra1d1 Bb7c8
18.Qc2d2 Qf6g6
19.Kf1 a5
20.Qd2d3 Ba7b6
21.Nc3a4 Bc8a6
{ resign }
0-1

[Event "Tourn. n9204"]
[Site "www.chess-mail.com"]
[Date "2017.02.26"]
[Round "1"]
[White "Tartan"]
[Black "Greghghs"]
[WhiteElo "2400"]
[BlackElo "2430"]
[Result "1/2-1/2"]
[Round "1"]
1.e4 c6
2.d4 d5
3.Nb1c3 dxe4
4.Nc3xe4 Bc8f5
5.Ne4g3 Bf5g6
6.Ng1f3 Nb8d7
7.h4 h6
8.Bf1d3 Bg6xd3
9.Qd1xd3 e6
10.Bc1d2 Ng8f6
11.O-O-O Bf8e7
12.Kb1 c5
13.Ng3e4 O-O
14.Bd2f4 Qd8b6
15.Nf3e5 Rf8d8
16.Ne5xd7 Rd8xd7
17.dxc5 Qb6b4
18.Ne4xf6 Be7xf6
19.c3 Bf6xc3
20.Qd3xc3 Rd7xd1
21.Rh1xd1 Qb4xf4
{ draw }
1/2-1/2

[Event "Tourn. n9148"]
[Site "www.chess-mail.com"]
[Date "2017.02.26"]
[Round "1"]
[White "Picifarkinca"]
[Black "Genius3"]
[WhiteElo "1630"]
[BlackElo "1850"]
[Result "1-0"]
[Round "1"]
1.e4 d6
2.d4 Ng8f6
3.f3 g6
4.c4 Bf8g7
5.Nb1c3 O-O
6.Bf1d3 e5
7.d5 Nb8d7
8.b4 a5
9.b5 Nd7c5
10.Bd3c2 b6
11.Nc3a4 Nc5xa4
12.Bc2xa4 Bc8d7
13.Ng1e2 h6
14.O-O Rf8e8
15.Bc1e3 Qd8e7
16.Qd1d2 Ra8b8
17.Be3xh6 Qe7f8
18.Bh6xg7 Kxg7
19.Ba4c2 Qf8h8
20.a4 Qh8h6
21.Qd2xh6 Kxh6
22.Ra1a3 Kg7
23.Ra3e3 Re8h8
24.h3 Rh8h7
{ time. }
1-0

[Event "Tourn. n9148"]
[Site "www.chess-mail.com"]
[Date "2017.02.26"]
[Round "1"]
[White "Genius3"]
[Black "Actmy"]
[WhiteElo "1850"]
[BlackElo "1809"]
[Result "0-1"]
[Round "1"]
1.Ng1f3 f5
2.e4 fxe4
3.Nf3g5 Ng8f6
4.d3 d5
5.dxe4 h6
6.e5 hxg5
7.exf6 exf6
8.Bf1d3 Bc8e6
9.Bd3g6 Be6f7
10.Qd1d3 Qd8e7
11.Kd1 Nb8c6
12.Rh1e1 Nc6e5
13.Bg6xf7 Qe7xf7
14.f4 gxf4
15.Bc1xf4 Bf8d6
16.Bf4xe5 fxe5
17.Nb1c3 c6
18.Qd3f3 Qf7xf3
19.gxf3 Rh8xh2
20.Re1e2 Rh2h1
21.Re2e1 Rh1xe1
22.Kxe1 Bd6b4
23.Ke2 Bb4xc3
24.bxc3 Ke7
25.Ra1g1 Kf6
26.Rg1b1 b6
27.Rb1h1 c5
28.Rh1g1 { time. }
0-1

[Event "Tourn. n9215"]
[Site "www.chess-mail.com"]
[Date "2017.02.26"]
[Round "1"]
[White "Pinehill"]
[Black "Yaw1"]
[WhiteElo "2090"]
[BlackElo "1809"]
[Result "1-0"]
[Round "1"]
1.e4 b6
2.d4 g6
3.g3 Bf8g7
4.Bf1g2 Bc8b7
5.Nb1c3 e5
6.d5 c5
7.Ng1e2 c4
8.O-O d6
9.f4 Nb8d7
10.Bc1e3 Bb7a6
11.f5 g5
12.g4 Ng8f6
13.Ne2g3 Qd8c7
14.Be3xg5 Qc7c5
15.Kh1 Qc5b4
16.Qd1c1 h6
17.Bg5xf6 Bg7xf6
18.Ng3h5 Bf6g5
19.Qc1b1 Bg5e3
20.a3 Qb4a5
21.Nh5g7 Kd8
22.b4 cxb3
23.Qb1xb3 Ba6xf1
24.Ra1xf1 Nd7c5
25.Qb3c4 Qa5xa3
26.Ng7e6 fxe6
27.dxe6 Rh8g8
28.Nc3b5 Qa3a6
29.e7 Kxe7
30.f6 Kd7
31.Nb5xd6 Kxd6
32.Qc4d5 Kc7
33.Qd5xe5 Kc6
34.f7 Rg8g5
35.Qe5f6 Kb5
36.Rf1b1  { time }
1-0

[Event "Tourn. n9196"]
[Site "www.chess-mail.com"]
[Date "2017.02.26"]
[Round "1"]
[White "Sorim"]
[Black "Genius3"]
[WhiteElo "1960"]
[BlackElo "1910"]
[Result "1-0"]
[Round "1"]
1.d4 Ng8f6
2.c4 e6
3.Ng1f3 b6
4.Nb1c3 Bc8b7
5.Bc1f4 Bf8b4
6.Qd1b3 Bb4xc3
7.bxc3 O-O
8.e3 d6
9.Bf1e2 Nb8d7
10.O-O Qd8e7
11.a4 a5
12.Ra1b1 Bb7e4
13.Rb1b2 Ra8b8
{ time. }
1-0

[Event "Tourn. n9147"]
[Site "www.chess-mail.com"]
[Date "2017.02.26"]
[Round "1"]
[White "Pariolinius"]
[Black "Genius3"]
[WhiteElo "1930"]
[BlackElo "1850"]
[Result "1-0"]
[Round "1"]
1.d4 d5
2.c4 c6
3.Ng1f3 Ng8f6
4.cxd5 cxd5
5.Bc1f4 Nb8c6
6.e3 Qd8b6
7.b3 Bc8f5
8.Nb1d2 e6
9.Bf1e2 Bf8e7
10.O-O Nf6e4
11.Ra1c1 O-O
12.Nd2xe4 Bf5xe4
13.Qd1d2 Be7b4
14.Qd2b2 Qb6a5
15.Nf3e5 Nc6xe5
16.Bf4xe5 Bb4a3
17.Qb2c3 Ba3b4
18.Qc3a1 Ra8c8
19.f3 Be4g6
20.a4 f6
21.Be5f4 Bb4e7
22.Bf4g3 Qa5b6
23.Qa1b2 Be7d6
24.Bg3xd6 Qb6xd6
25.Rc1c3 a6
26.f4 Bg6e4
27.b4 Qd6d7
28.b5 axb5
29.Be2xb5 Qd7e7
30.Rf1c1 Rc8xc3
31.Qb2xc3 Qe7f7
32.a5 Qf7g6
{ time. }
1-0

[Event "Tourn. n9225"]
[Site "www.chess-mail.com"]
[Date "2017.02.26"]
[Round "1"]
[White "Autmich"]
[Black "Cal"]
[WhiteElo "1680"]
[BlackElo "1640"]
[Result "1-0"]
[Round "1"]
1.e4 e5
2.Ng1f3 d6
3.d4 exd4
4.Nf3xd4 h6
5.Nb1c3 Ng8f6
6.Bf1e2 Bf8e7
7.O-O a6
8.Bc1f4 b6
9.Be2f3 c5
10.Nd4b3 Nb8c6
11.e5 Nf6h7
12.Bf3xc6 Bc8d7
13.Bc6xa8 Qd8xa8
14.exd6 Be7f6
15.Rf1e1 Bd7e6
16.Nc3d5 O-O
17.Nd5c7 Qa8c8
18.Qd1e2 Rf8d8
19.Ra1d1 Nh7f8
20.Nc7xa6 c4
21.Na6c7 cxb3
22.cxb3 Rd8d7
23.Bf4e5 Bf6xe5
24.Qe2xe5 Nf8g6
25.Qe5b5 Rd7xd6
26.Rd1xd6 Ng6f8
27.Rd6c6 Be6d7
28.Qb5xb6 Bd7xc6
29.Qb6xc6 g6
30.Re1e8 Qc8f5
31.g3 Qf5b1
32.Kg2 Qb1xb2
33.Qc6d6 Qb2g7
34.Nc7d5 h5
35.Nd5f6 Kh8
36.Re8xf8 Qg7xf8
37.Qd6xf8 
1-0

[Event "Tourn. n9197"]
[Site "www.chess-mail.com"]
[Date "2017.02.26"]
[Round "1"]
[White "Jazzy"]
[Black "Darko10"]
[WhiteElo "2379"]
[BlackElo "2650"]
[Result "0-1"]
[Round "1"]
1.d4 Ng8f6
2.Bc1g5 d5
3.e3 c5
4.Bg5xf6 gxf6
5.Ng1f3 cxd4
6.Nf3xd4 Nb8c6
7.Bf1e2 e5
8.Nd4xc6 bxc6
9.c3 Ra8b8
10.Qd1c2 f5
11.Qc2a4 Rb8xb2
12.Qa4xc6 Ke7
13.Be2h5 Qd8d7
14.Qc6xd7 Bc8xd7
15.O-O Bf8g7
16.Nb1a3 Rh8c8
17.Rf1b1 Rb2xb1
18.Ra1xb1 Rc8xc3
{ resign }
0-1

[Event "Tourn. n9213"]
[Site "www.chess-mail.com"]
[Date "2017.02.26"]
[Round "1"]
[White "Genius3"]
[Black "Bitcoin"]
[WhiteElo "1970"]
[BlackElo "1809"]
[Result "0-1"]
[Round "1"]
1.e4 e5
2.Ng1f3 Nb8c6
3.Bf1b5 a6
4.Bb5xc6 dxc6
5.d4 exd4
6.Qd1xd4 Qd8xd4
7.Nf3xd4 Bc8d7
8.Nb1c3 O-O-O
9.Bc1e3 Ng8e7
10.O-O-O Ne7g6
11.f4 Bf8b4
12.Nd4e2 f6
13.a3 Bb4d6
14.g3 c5
15.h4 Rh8e8
16.h5 Ng6e7
17.Rd1g1 { time. }
0-1

[Event "Tourn. n9139"]
[Site "www.chess-mail.com"]
[Date "2017.02.26"]
[Round "1"]
[White "Genius3"]
[Black "Hundegana"]
[WhiteElo "1870"]
[BlackElo "2010"]
[Result "0-1"]
[Round "1"]
1.d4 f5
2.Ng1f3 d6
3.c4 g6
4.Nb1c3 a6
5.e4 e6
6.Bf1d3 Bf8g7
7.O-O Bc8d7
8.Bc1g5 Bg7f6
9.Bg5xf6 Qd8xf6
10.e5 dxe5
11.Nf3xe5 Nb8c6
12.Ne5xd7 Kxd7
13.d5 exd5
14.cxd5 Nc6e5
15.Qd1c2 Ne5xd3
16.Qc2xd3 Ra8e8
17.Rf1e1 Re8xe1
18.Ra1xe1 Ng8e7
19.Re1e6 Qf6g5
20.g3 Rh8e8
21.h4 Qg5c1
22.Kg2 Qc1xb2
23.Qd3d4 h5
24.Qd4e5 b5
25.Qe5d4 b4
26.Nc3e2 Qb2xa2
27.Qd4e5 Qa2xd5
28.Qe5xd5 { time. }
0-1

[Event "Tourn. n9106"]
[Site "www.chess-mail.com"]
[Date "2017.02.26"]
[Round "1"]
[White "Genius3"]
[Black "Ditto"]
[WhiteElo "1840"]
[BlackElo "1840"]
[Result "0-1"]
[Round "1"]
1.Ng1f3 d5
2.g3 Bc8g4
3.Bf1g2 e6
4.d3 Nb8c6
5.O-O Bf8c5
6.d4 Bc5e7
7.c3 Ng8f6
8.h3 Bg4f5
9.Bc1g5 O-O
10.Nb1d2 Nc6b8
11.Nf3e5 Nb8d7
12.Nd2f3 c5
13.Ne5xd7 Nf6xd7
14.Bg5xe7 Qd8xe7
15.dxc5 Nd7xc5
16.Nf3d4 Bf5g6
17.Nd4f3 { time. }
0-1

[Event "Tourn. n9124"]
[Site "www.chess-mail.com"]
[Date "2017.02.26"]
[Round "1"]
[White "Nulladies"]
[Black "Genius3"]
[WhiteElo "1870"]
[BlackElo "1860"]
[Result "1-0"]
[Round "1"]
1.d4 d5
2.Bc1f4 c6
3.Ng1f3 Ng8f6
4.e3 Bc8g4
5.Bf1e2 e6
6.h3 Bg4xf3
7.Be2xf3 Bf8d6
8.Bf4xd6 Qd8xd6
9.c3 Nb8d7
10.O-O O-O
11.Nb1d2 e5
12.Qd1b3 e4
13.Bf3e2 Nd7b6
14.f3 Rf8e8
15.f4 Ra8b8
16.c4 dxc4
17.Nd2xc4 Nb6xc4
18.Be2xc4 Nf6d5
19.Bc4xd5 cxd5
20.Rf1c1 b6
21.Qb3b5 Re8c8
22.Kh2 g6
23.Qb5a6 Qd6d7
24.Rc1xc8 Rb8xc8
25.Ra1b1 Rc8c2
26.Qa6f1 Qd7c6
27.a3 Qc6c4
28.Qf1xc4 Rc2xc4
29.Rb1e1 f5
30.Re1e2 Kf7
31.g4 fxg4
32.hxg4 Kg7
33.Kg3 b5
34.g5 a6
35.Kg4 b4
36.axb4 Rc4xb4
37.f5 gxf5
38.Kxf5 a5
39.Ke5 Rb4b5
40.Kf5 a4
{ time. }
1-0

[Event "Tourn. n9238"]
[Site "www.chess-mail.com"]
[Date "2017.02.26"]
[Round "1"]
[White "Orhany24"]
[Black "Norlavuaram"]
[WhiteElo "2240"]
[BlackElo "2130"]
[Result "1-0"]
[Round "1"]
1.e4 e5
2.Ng1f3 Nb8c6
3.Bf1c4 Bf8e7
4.O-O Ng8f6
5.Rf1e1 O-O
6.c3 d6
7.h3 Nc6a5
8.Bc4b5 a6
9.Bb5a4 b5
10.Ba4c2 c5
11.d4 Qd8c7
12.b3 Na5c6
13.d5 Nc6b8
14.c4 Nb8d7
15.Nb1c3 Ra8b8
16.Ra1b1 b4
17.Nc3e2 Rf8e8
18.Ne2g3 g6
19.Bc1h6 Be7f8
20.Qd1d2 Qc7d8
21.Bh6xf8 Nd7xf8
22.Qd2h6 Rb8b7
23.Rb1d1 Rb7c7
24.Re1e3 Re8e7
25.Nf3g5 Qd8e8
26.Re3f3 Nf6h5
27.Ng3xh5 gxh5
28.Rf3f6 Rc7d7
29.Rd1d3 { resign }
1-0